000 01177cpcaa2200277 a 4500
001 mm 80065455
003 DLC
005 20260227111705.0
008 810119|||||||||||| eng
010 _amm 80065455
040 _aDLC
_cDLC
_dDLC
_edacs
072 7 _aW
_2lcmd
100 1 _aLincoln, Abraham,
_d1809-1865.
245 0 0 _aAbraham Lincoln papers,
_f1832-1865.
300 _a250
_fitems.
300 _a1
_fmicrofilm reel.
506 0 _aOpen to research.
520 8 _aCorrespondence, speeches, and articles. Includes letters received by William H. Herndon, Lincoln's law partner and biographer, regarding Lincoln.
533 _aMicrofilm of originals in the Henry E. Huntington Library, San Marino, Calif.
_b[S.l.].
535 1 _aHenry E. Huntington Library,
_bSan Marino, CA
545 0 _aU.S. president and representative, abolitionist, lawyer, and state legislator from Illinois.
600 1 0 _aHerndon, William Henry,
_d1818-1891
_vCorrespondence.
656 7 _aPresidents
_zUnited States.
_2itoamc
999 _c42927
_d42927